<?xml version="1.0" encoding="UTF-8" ?>
<collection xmlns="http://www.loc.gov/MARC21/slim"><record><leader>00900nam a2200193 c 4500</leader><controlfield tag="001">148105</controlfield><controlfield tag="003">Zü176</controlfield><controlfield tag="005">20170704161427.0</controlfield><datafield tag="035" ind1=" " ind2=" "><subfield code="a">(OCoLC)927680265</subfield></datafield><datafield tag="041" ind1=" " ind2=" "><subfield code="a">fre</subfield></datafield><datafield tag="100" ind1="1" ind2="0"><subfield code="a">Clément, Charles</subfield></datafield><datafield tag="245" ind1="0" ind2="0"><subfield code="a">Brief, Chailly-Lausanne, [26. März 1914], Monsieur Dr. Wartmann, conservateur du Kunsthaus Zurich</subfield><subfield code="b">Monsieur ...</subfield><subfield code="c">Veuillez [cher] monsieur, à [l&apos;assurance] de tout ma considerations Ch. Clément, dessinateur, peintre, villa &quot;Mireille&quot; Chailly-Lausanne</subfield><subfield code="h">Manuskript</subfield></datafield><datafield tag="260" ind1=" " ind2=" "><subfield code="a">Chailly-Lausanne</subfield><subfield code="c">1914</subfield></datafield><datafield tag="300" ind1=" " ind2=" "><subfield code="a">1 Blatt</subfield><subfield code="c">11,1 x 9 cm</subfield></datafield><datafield tag="600" ind1="1" ind2="7"><subfield code="a">Clément, Charles</subfield><subfield code="d">1889-1972</subfield><subfield code="x">Brief</subfield><subfield code="x">Handschrift</subfield><subfield code="2">gnd</subfield></datafield><datafield tag="610" ind1="2" ind2="7"><subfield code="a">Kunsthaus Zürich</subfield><subfield code="x">Ausstellung</subfield><subfield code="x">Geschäftsbrief</subfield><subfield code="2">gnd</subfield></datafield><datafield tag="700" ind1="1" ind2="0"><subfield code="a">Wartmann, Wilhelm </subfield><subfield code="d">1882-1970</subfield><subfield code="e">Adressat</subfield></datafield><datafield tag="852" ind1="4" ind2="0"><subfield code="a">CH-000273-5</subfield><subfield code="c">10.30.30.160.clement.19140326</subfield></datafield><datafield tag="856" ind1="4" ind2="1"><subfield code="u">https://digital.kunsthaus.ch:443/viewer/image/148105/1/</subfield><subfield code="y">Kunsthaus Zürich Sammlungen online</subfield></datafield></record></collection>